Statistics for Every Premier League Goalscorer for Bournemouth

Click here to take the quiz!

General Stats

  • This quiz has been taken 120 times
    (39 since last reset)
  • The average score is 15 of 34

Answer Stats

Player% Correct
Callum Wilson
86%
Harry Wilson
86%
Dominic Solanke
82%
Joshua King
82%
Philip Billing
77%
Nathan Aké
68%
Ryan Fraser
68%
Adam Smith
64%
Steve Cook
64%
Jefferson Lerma
59%
Kieffer Moore
59%
Dan Gosling
50%
Marcos Senesi
50%
Charlie Daniels
41%
David Brooks
41%
Matt Ritchie
41%
Junior Stanislas
36%
Marcus Tavernier
36%
Harry Arter
32%
Jaidon Anthony
32%
Jordon Ibe
32%
Andrew Surman
27%
Antoine Semenyo
27%
Benik Afobe
27%
Chris Mepham
27%
Matías Viña
27%
Ryan Christie
27%
Dango Ouattara
23%
Max Gradel
23%
Jermain Defoe
18%
Marc Pugh
18%
Tommy Elphick
14%
Glenn Murray
9%
Lys Mousset
9%

Score Distribution

Percentile by Number Answered

Percent of People with Each Score

Your Score History

You have not taken this quiz since the last reset